000
00193 a2200097 4500
001
12043
100
_a
245
_a
Prince Aurangze
260
_a
_b
Historical society
_c
090
_c
9295
_d
9295
942
_a
NUST-CAE
_c
_c
36150
999
_c
247116
_d
247116